000 00596nam a2200205Ia 4500
005 20250508154728.0
008 008 250505s9999 xx 000 0 eng d
037 _aTextual
040 _aFEDL
_beng
_cFEDL
041 _aeng
_2eng
084 _a150.1943, WAT
_qFEDL
100 _aWatson John B
_984145
245 0 _aBehavior : An introducation to comparative psychology
260 _aNew York, USA
_bHolt, Rinehart and Winston
_c1967
300 _axxxi,439p.
365 _aINR
_b57.24
650 _aPsychology
942 _cTEXL
_h150.1943, WAT
999 _c1351835
_d1351835